000 01045nam a22003737a 4500
001 049
003 DO-SdBNP
005 20180220152931.0
007 049
008 151005b1985 sp 00| 0 spa d
020 _a84348 11499
040 _aBPMSU
_bspa
_cBPMSU
082 _a863.6
_bP437m 1985
092 _a
_b
100 1 _aPerera, Hilda
_d1926-
245 1 0 _aMai /
_cHilda Perera ; ilustración Marina Seoane
250 _a4a. ed.
260 _aMadrid :
_bEdiciones SM,
_c1985
300 _a114 p. :
_bil. ;
_c20 cm.
490 1 _aEl barco de vapor
_v39
490 1 _aRoja
500 _aA partir de 12 años
521 1 _a
586 _aPremio Lazarillo, 1975.
586 _aPremio Lazarillo, 1978.
586 _aLista de honor de la Comisión Católica Española de la Infancia, 1980.
650 _aCUENTOS JUVENILES CUBANOS
700 1 2 _aSeoane, Marina
_eil.
830 0 _aBarco de vapor ;
_n 39
_pRoja
910 _a
942 _2ddc
_cBK
945 _aInventariado, 2018 / BT
956 _aVMATEO
_b10
_c20161020
_dBPMSU
_f0069
999 _c11631
_d11631